000 00576nam a2200229Ia 4500
001 379
005 20240113233412.0
007 ta
008 180226s1971 ii a g b000 u 465 u
020 _a0 600 38626 0
040 _astack
041 _a465
082 _a591.92
_bC 839 T
100 _aCox, Graham F. .
245 0 _aTropical marine aquaria /
_cGraham f.Cox.
_hTextual Documents
260 _aLondon :
_bPaul Hamlyn ,
_cc1971.
300 _a159p. :
_bill ;
_c18cm. .
653 _aGeographical treatment
942 _2ddc
_cBK
999 _c377
_d377